Super sneak / (Record no. 63235)
[ view plain ]
| 000 -LEADER | |
|---|---|
| fixed length control field | 00547cam a22002055a 4500 |
| 005 - DATE AND TIME OF LATEST TRANSACTION | |
| control field | 20090205102808.0 |
| 010 ## - LCCN (DPL NO) | |
| LC control number | 2006927179 |
| 020 ## - INTERNATIONAL STANDARD BOOK NUMBER | |
| International Standard Book Number | 1423102762 (alk. paper) |
| 020 ## - INTERNATIONAL STANDARD BOOK NUMBER | |
| International Standard Book Number | 9781423102762 |
| 042 ## - AUTHENTICATION CODE | |
| Authentication code | pcc |
| 100 1# - MAIN ENTRY--PERSONAL NAME | |
| Personal name | McElroy, Laurie. |
| 245 10 - TITLE STATEMENT | |
| Title | Super sneak / |
| Statement of responsibility, etc | Laurie McElroy. |
| 250 ## - EDITION STATEMENT | |
| Edition statement | 1st ed. |
| 260 ## - PUBLICATION, DISTRIBUTION, ETC. (IMPRINT) | |
| Place of publication, distribution, etc | New York : |
| Name of publisher, distributor, etc | Disney Press, |
| Date of publication, distribution, etc | 2006. |
| 263 ## - PROJECTED PUBLICATION DATE | |
| Projected publication date | 0612 |
| 300 ## - PHYSICAL DESCRIPTION | |
| Extent | p. cm. |
| 906 ## - LOCAL DATA ELEMENT F, LDF (RLIN) | |
| b | ibc |
| c | orignew |
| d | 2 |
| e | epcn |
| f | 20 |
| g | y-gencatlg |
| 942 ## - ADDED ENTRY ELEMENTS (KOHA) | |
| Source of classification or shelving scheme | Dewey Decimal Classification |
| Item type | Bengali Books |
No items available.
